Closure procedures for landfill sites currently operating under waste management licences (Record no. 102926)

MARC details
000 -LEADER
fixed length control field 01223cam a2200253 4500
001 - CONTROL NUMBER
control field J122775
008 - FIXED-LENGTH DATA ELEMENTS--GENERAL INFORMATION
fixed length control field 030624n2003 000 0 eng u
035 ## - SYSTEM CONTROL NUMBER
System control number (Sirsi) u122775
041 ## - LANGUAGE CODE
Language code of text/sound track or separate title eng
050 ## - LIBRARY OF CONGRESS CALL NUMBER
Classification number 615.76
-- 18
110 ## - MAIN ENTRY--CORPORATE NAME
Corporate name or jurisdiction name as entry element Scottish Environment Protection Agency
9 (RLIN) 3523
245 ## - TITLE STATEMENT
Title Closure procedures for landfill sites currently operating under waste management licences
260 ## - PUBLICATION, DISTRIBUTION, ETC.
Place of publication, distribution, etc. Stirling
Name of publisher, distributor, etc. SEPA
Date of publication, distribution, etc. 2003
490 ## - SERIES STATEMENT
Series statement Interim SPEA Technical Guidance Note
520 ## - SUMMARY, ETC.
Summary, etc. An interim technical guidance note on the closure of Scottish landfill sites described under the Pollution Prevention and Control (Scotland) Regulations 2000 Sched 1. View at www.sepa.org.uk.
650 ## - SUBJECT ADDED ENTRY--TOPICAL TERM
Topical term or geographic name entry element SCOTLAND
650 ## - SUBJECT ADDED ENTRY--TOPICAL TERM
Topical term or geographic name entry element LANDFILL SITES
650 ## - SUBJECT ADDED ENTRY--TOPICAL TERM
Topical term or geographic name entry element POLLUTION CONTROL
650 ## - SUBJECT ADDED ENTRY--TOPICAL TERM
Topical term or geographic name entry element POLLUTION PREVENTION AND CONTROL REGULATIONS 2000
650 ## - SUBJECT ADDED ENTRY--TOPICAL TERM
Topical term or geographic name entry element WASTE MANAGEMENT LICENCES
690 ## - LOCAL SUBJECT ADDED ENTRY--TOPICAL TERM (OCLC, RLIN)
Topical term or geographic name as entry element ENVIRONMENTAL AND LAND CONSULTANCY-WASTE MANAGEMENT
856 ## - ELECTRONIC LOCATION AND ACCESS
Uniform Resource Identifier <a href="https://www.sepa.org.uk/waste/waste_regulation/idoc.ashx%3Fdocid%3De98f64ae-56be-4f17-b12b-2c3e395de7f8%26version%3D-1&sa=U&ei=5BPiTsiTHoOP8gOM1rGUBA&ved=0CBIQFjAA&usg=AFQjCNGYIcPN9ulwbCyMHJcVlt1XiK3PTg">https://www.sepa.org.uk/waste/waste_regulation/idoc.ashx%3Fdocid%3De98f64ae-56be-4f17-b12b-2c3e395de7f8%26version%3D-1&sa=U&ei=5BPiTsiTHoOP8gOM1rGUBA&ved=0CBIQFjAA&usg=AFQjCNGYIcPN9ulwbCyMHJcVlt1XiK3PTg</a>
Public note View the guidance (pdf) on the SEPA website.
942 ## - ADDED ENTRY ELEMENTS (KOHA)
Suppress in OPAC 0
Holdings
Withdrawn status Lost status Source of classification or shelving scheme Damaged status Not for loan Home library Current library Shelving location Date acquired Total Checkouts Full call number Barcode Date last seen Copy number Price effective from Koha item type
    Dewey Decimal Classification     Virtual Virtual Online 27/06/2003   ONLINE PUBLICATION 122775-1001 06/08/2019 1 06/08/2019 Book